Principales indicadores del diagnóstico regional: resumen

Guardat en:
Dades bibliogràfiques
Autor principal: Salas Herrera, Federico
Autor corporatiu: Universidad Nacional
Format: Text
Publicat: Heredia: UNA
Etiquetes: Afegir etiqueta
Sense etiquetes, Sigues el primer a etiquetar aquest registre!

MARC

LEADER 00000 a a2200000 04500
001 23473
003
040 |a CRAI/IIS  |c CRAI/IIS 
090 |a 163000  
100 |a Salas Herrera, Federico  
110 |a Universidad Nacional  
245 |a Principales indicadores del diagnóstico regional: resumen  
260 |a Heredia:   |b UNA  
300 |a 21 p   |b **no definido**   |b fonodiscos  
999 |c 4305  |d 4305